[Event "Mondiale Lampo FIDE 2017"]
[Site "Riyadh"]
[Date "30.12.2017"]
[Round "19.41"]
[White "Halkias, Stelios"]
[Black "McShane, Luke J"]
[Result "1-0"]
[WhiteTitle "GM"]
[BlackTitle "GM"]
[WhiteElo "2571"]
[BlackElo "2640"]
[WhiteFideId "4201809"]
[BlackFideId "404853"]
[EventDate "2017.12.29"]

1. Nf3 d5 2. d4 Nf6 3. c4 e6 4. g3 Be7 5. Bg2 O-O 6. O-O Nbd7 7. Qc2 a6 8. b3
Ne4 9. Bb2 Ndf6 10. Nc3 Nxc3 11. Bxc3 b6 12. Rac1 Bb7 13. Rfd1 Rc8 14. cxd5 Nxd5
15. Bb2 Nb4 16. Qb1 a5 17. a3 Nd5 18. Ne5 Bd6 19. e4 Ne7 20. Nd3 Ng6 21. Qa1 Re8
22. Qa2 Bf8 23. b4 axb4 24. axb4 Qd7 25. Qb3 Qb5 26. Qc3 Red8 27. h4 h6 28. Kh2
Qe8 29. Qe1 Ba6 30. Bc3 Ne7 31. Qe3 Bb5 32. Ne5 Ra8 33. Be1 Ra7 34. Kg1 Nc8 35.
Bf1 Nd6 36. Bxb5 Nxb5 37. Nc6 Ra3 38. Qe2 Nd6 39. Nxd8 Qxd8 40. Qc2 Ra7 41. d5
e5 42. Bc3 Qe8 43. Qe2 Nb5 44. Qc4 Nd6 45. Qd3 Nb5 46. Ra1 Rb7 47. Qc4 Rb8 48.
Bb2 Rc8 49. Rdc1 Nd6 50. Qd3 Qe7 51. Ra7 Ne8 52. Bc3 Rd8 53. Qf3 g6 54. Bd2 Kg7
55. h5 g5 56. Kg2 Qd7 57. Qc3 Bd6 58. Be3 Qg4 59. f3 Qxh5 60. g4 Qg6 61. Rh1 Nf6
62. Qd3 h5 63. gxh5 Nxh5 64. Kf2 Rh8 65. Raa1 Bxb4 66. Rag1 Be7 67. Qc3 Qf6 68.
Rxg5+ Qxg5 69. Bxg5 Bxg5 70. Qxe5+ Bf6 71. Rg1+ Kh6 72. Qxc7 Bd4+ 73. Kf1 Bxg1
74. Kxg1 b5 75. Kf2 f6 76. Qb6 Kg5 77. Qc7 Kg6 78. f4 b4 79. f5+ Kg5 80. Kf3 b3
81. Qc3 Rb8 82. Qd2+ Kh4 83. Qh2+ Kg5 84. Qxb8 b2 85. Qxb2 1-0

[Event "Mondiale Lampo FIDE 2017"]
[Site "Riyadh"]
[Date "30.12.2017"]
[Round "19.42"]
[White "Volokitin, Andrei"]
[Black "Almasi, Zoltan"]
[Result "1-0"]
[WhiteTitle "GM"]
[BlackTitle "GM"]
[WhiteElo "2628"]
[BlackElo "2682"]
[WhiteFideId "14107090"]
[BlackFideId "702293"]
[EventDate "2017.12.29"]

1. e4 e5 2. Nf3 Nc6 3. Bc4 Bc5 4. O-O Nf6 5. d3 d6 6. c3 a6 7. Re1 Ba7 8. Bb3 h6
9. Nbd2 O-O 10. Nf1 Re8 11. Ng3 Be6 12. Bc2 d5 13. exd5 Qxd5 14. h3 Rad8 15. Qe2
Qd7 16. Be3 Bxe3 17. fxe3 e4 18. dxe4 Qd6 19. Qf2 Ne5 20. Nd4 Nfd7 21. Rad1 Qe7
22. Ndf5 Qf8 23. Nh5 g6 24. Nhg7 gxf5 25. Nxe8 Rxe8 26. exf5 Bc4 27. f6 Bb5 28.
Qf5 Ng6 29. Rxd7 Bxd7 30. Qxd7 Rd8 31. Qxc7 1-0

[Event "Mondiale Lampo FIDE 2017"]
[Site "Riyadh"]
[Date "30.12.2017"]
[Round "19.43"]
[White "Dzhumagaliev, Yan"]
[Black "Movsesian, Sergei"]
[Result "0-1"]
[WhiteTitle "FM"]
[BlackTitle "GM"]
[WhiteElo "2400"]
[BlackElo "2647"]
[WhiteFideId "24100110"]
[BlackFideId "310204"]
[EventDate "2017.12.29"]

1. Nf3 d5 2. d4 Nf6 3. c4 c6 4. e3 a6 5. Nc3 b5 6. b3 Bg4 7. Be2 Nbd7 8. O-O e6
9. c5 Be7 10. a4 b4 11. Na2 a5 12. Bb2 O-O 13. Nc1 Ne4 14. Nd3 Qc7 15. Nfe5 Nxe5
16. Nxe5 Bf5 17. f3 Nc3 18. Bxc3 bxc3 19. g4 Bg6 20. Qc1 c2 21. Nxg6 hxg6 22.
Qxc2 e5 23. f4 exd4 24. exd4 Rfe8 25. g5 Rab8 26. Rae1 Rb4 27. Qc3 Bf8 28. Bd3
Rxe1 29. Qxe1 Rxd4 30. Qg3 Bxc5 31. Kh1 Bd6 32. Qe3 Rxf4 33. Rxf4 Bxf4 34. Qe8+
Kh7 35. h4 Qe5 36. Qxe5 Bxe5 37. Kg2 Kg8 38. Kf3 Kf8 39. Kg4 Ke7 40. Kf3 Kd6 41.
Kg4 Kc5 42. Kf3 Kb4 43. Ba6 c5 44. Bb7 c4 45. bxc4 dxc4 46. Ke2 Kxa4 47. Bd5 Kb4
48. Bxf7 a4 49. Bxg6 a3 50. Bb1 Kb3 51. h5 Kb2 0-1

[Event "Mondiale Lampo FIDE 2017"]
[Site "Riyadh"]
[Date "30.12.2017"]
[Round "19.44"]
[White "Christiansen, Johan-Sebastian"]
[Black "Dobrov, Vladimir"]
[Result "0-1"]
[WhiteTitle "IM"]
[BlackTitle "GM"]
[WhiteElo "2495"]
[BlackElo "2515"]
[WhiteFideId "1512668"]
[BlackFideId "4136594"]
[EventDate "2017.12.29"]

1. e4 c5 2. Nf3 d6 3. Nc3 Nf6 4. e5 dxe5 5. Nxe5 Nbd7 6. d4 e6 7. Bb5 a6 8.
Bxd7+ Nxd7 9. Qh5 g6 10. Qf3 Qf6 11. Bf4 g5 12. Nxd7 Kxd7 13. Be5 Qxf3 14. gxf3
Rg8 15. Ne4 Rg6 16. dxc5 Kc6 17. O-O-O f5 18. Rd8 Be7 19. Re8 Kd7 20. Rxe7+ Kxe7
21. Nd6 Bd7 22. Nxb7 Bc6 23. Bd6+ Kf6 24. Na5 Bxf3 25. Re1 Rc8 26. c4 f4 27. b4
Rh6 28. b5 axb5 29. cxb5 Rxh2 30. Be5+ Kf5 31. Bd4 Ra8 32. Re5+ Kg4 33. Bc3 Rxf2
34. b6 Rxa2 35. b7 R2xa5 36. Bxa5 Bxb7 37. Bd2 Bd5 38. c6 Rc8 39. Kd1 Rxc6 40.
Ke1 h5 41. Kf2 h4 42. Re1 h3 43. Rg1+ Bg2 44. Re1 Rc2 45. Ke2 h2 46. Kd3 Rxd2+ 0-1

[Event "Mondiale Lampo FIDE 2017"]
[Site "Riyadh"]
[Date "30.12.2017"]
[Round "19.45"]
[White "Miton, Kamil"]
[Black "Naiditsch, Arkadij"]
[Result "1/2-1/2"]
[WhiteTitle "GM"]
[BlackTitle "GM"]
[WhiteElo "2584"]
[BlackElo "2705"]
[WhiteFideId "1111914"]
[BlackFideId "4650891"]
[EventDate "2017.12.29"]

1. d4 g6 2. e4 Bg7 3. c3 d6 4. Nf3 Nd7 5. Bd3 e5 6. O-O Ne7 7. Nbd2 O-O 8. a4 h6
9. Qc2 exd4 10. cxd4 Nc6 11. Nb3 Nb4 12. Qd1 Nxd3 13. Qxd3 d5 14. e5 Nb6 15. a5
Bf5 16. Qc3 Nd7 17. Re1 Re8 18. Be3 Rc8 19. Nc5 Nxc5 20. Qxc5 b6 21. Qc6 Qd7 22.
Qxd7 Bxd7 23. Rec1 Bg4 24. h3 Bxf3 25. gxf3 c5 26. axb6 axb6 27. dxc5 bxc5 28.
Rxc5 Bxe5 29. Rxc8 Rxc8 30. Rd1 Bxb2 31. Rxd5 1/2-1/2

[Event "Mondiale Lampo FIDE 2017"]
[Site "Riyadh"]
[Date "30.12.2017"]
[Round "19.46"]
[White "Ponkratov, Pavel"]
[Black "Grigoriants, Sergey"]
[Result "0-1"]
[WhiteTitle "GM"]
[BlackTitle "GM"]
[WhiteElo "2613"]
[BlackElo "2561"]
[WhiteFideId "4157800"]
[BlackFideId "4130804"]
[EventDate "2017.12.29"]

1. b3 Nf6 2. Bb2 d5 3. Nf3 g6 4. c4 c6 5. Qc2 Bg7 6. d3 O-O 7. Nbd2 b6 8. e4
dxe4 9. dxe4 Qc7 10. e5 Bf5 11. Bd3 Bxd3 12. Qxd3 Nfd7 13. Qe4 Nc5 14. Qe3 Rd8
15. O-O Nbd7 16. Rad1 Nf8 17. b4 Nce6 18. Bc3 Rd7 19. Ne4 Rad8 20. Rxd7 Qxd7 21.
Qc1 Qd3 22. Bb2 Qxe4 0-1

[Event "Mondiale Lampo FIDE 2017"]
[Site "Riyadh"]
[Date "30.12.2017"]
[Round "19.47"]
[White "Khairat, Ahmed"]
[Black "Kokarev, Dmitry"]
[Result "1-0"]
[WhiteTitle "CM"]
[BlackTitle "GM"]
[WhiteElo "2211"]
[BlackElo "2615"]
[WhiteFideId "10624171"]
[BlackFideId "4132181"]
[EventDate "2017.12.29"]

1. e4 c5 2. Nf3 d6 3. d4 cxd4 4. Nxd4 Nf6 5. Nc3 a6 6. Bg5 e6 7. f4 Be7 8. Qf3
Nbd7 9. O-O-O h6 10. Bh4 Qc7 11. Bd3 g5 12. fxg5 Ne5 13. Qe2 Nfg4 14. h3 hxg5
15. Bg3 Nf6 16. Rhf1 Nfd7 17. Nf3 Ng6 18. Kb1 b6 19. Qe3 Qc5 20. Qd2 Bb7 21. Bf2
Qa5 22. Be3 g4 23. hxg4 Nge5 24. g5 b5 25. Bf4 b4 26. Ne2 Rg8 27. Ned4 Rc8 28.
Nb3 Qa4 29. Nxe5 dxe5 30. Be3 Nf8 31. Qf2 Rg7 32. Qg3 Ba8 33. Qxe5 Rg8 34. Qf4
Rg7 35. Qe5 Rg8 36. Qg3 Qc6 37. e5 Qxg2 38. Qf4 Rg7 39. Rf2 Qc6 40. Qh4 Qc7 41.
Bxa6 Rb8 42. Bd4 Rxg5 43. Qh8 Bd5 44. Be2 Kd7 45. Rxf7 Rg2 46. Bd3 Ng6 47. Qg7
Kc6 48. Bxg6 Re8 49. Qh7 Kb7 50. Be4 Bxe4 51. Qxe4+ Qc6 52. Na5+ 1-0

[Event "Mondiale Lampo FIDE 2017"]
[Site "Riyadh"]
[Date "30.12.2017"]
[Round "19.48"]
[White "Ni, Hua"]
[Black "Short, Nigel D"]
[Result "1-0"]
[WhiteTitle "GM"]
[BlackTitle "GM"]
[WhiteElo "2671"]
[BlackElo "2678"]
[WhiteFideId "8601160"]
[BlackFideId "400025"]
[EventDate "2017.12.29"]

1. e4 e6 2. d4 d5 3. Nc3 Nf6 4. e5 Nfd7 5. Nce2 c5 6. c3 Nc6 7. Nf3 b5 8. a3 b4
9. axb4 cxb4 10. Nf4 a5 11. Bd3 Ba6 12. O-O Qb6 13. Ng5 Bxd3 14. Qxd3 Be7 15.
Qg3 g6 16. h4 Qb5 17. h5 Nb6 18. hxg6 hxg6 19. Nxf7 Rh1+ 20. Kxh1 Qxf1+ 21. Kh2
g5 22. Nxg5 Bxg5 23. Qxg5 Qxf2 24. Nxe6 Ra7 25. Qg8+ Kd7 26. Bg5 Nc4 27. Nc5+
Kc7 28. Qxd5 Kb6 29. Na4+ Kc7 30. Nc5 Kb6 31. Nd7+ Rxd7 32. Qxd7 Qxb2 33. Bd8+
Nxd8 34. Qxd8+ Kc6 35. Qc8+ Kd5 36. Qb7+ Ke6 37. Rf1 1-0

[Event "Mondiale Lampo FIDE 2017"]
[Site "Riyadh"]
[Date "30.12.2017"]
[Round "19.49"]
[White "Ganguly, Surya Shekhar"]
[Black "Dervishi, Erald"]
[Result "1-0"]
[WhiteTitle "GM"]
[BlackTitle "GM"]
[WhiteElo "2650"]
[BlackElo "2552"]
[WhiteFideId "5002150"]
[BlackFideId "4700236"]
[EventDate "2017.12.29"]

1. e4 e5 2. Nf3 Nc6 3. Bc4 Nf6 4. d3 Be7 5. O-O O-O 6. Re1 d6 7. a4 h6 8. a5 a6
9. Nc3 Bg4 10. h3 Bh5 11. Nd5 Nxd5 12. Bxd5 Nd4 13. g4 Nxf3+ 14. Qxf3 c6 15.
Bxc6 bxc6 16. gxh5 Bg5 17. Kh2 Bxc1 18. Rexc1 Ra7 19. Rg1 Kh8 20. Rg3 f5 21.
exf5 Raf7 22. Qxc6 Rxf5 23. f3 d5 24. Rxg7 Qf6 25. Rg6 Qxc6 26. Rxc6 Rxf3 27.
Rxh6+ Kg7 28. Rg6+ Kh7 1-0

[Event "Mondiale Lampo FIDE 2017"]
[Site "Riyadh"]
[Date "30.12.2017"]
[Round "19.50"]
[White "Zhao, Jun"]
[Black "Al-Modiahki, Mohamad"]
[Result "1-0"]
[WhiteTitle "GM"]
[BlackTitle "GM"]
[WhiteElo "2604"]
[BlackElo "2542"]
[WhiteFideId "8602522"]
[BlackFideId "12100030"]
[EventDate "2017.12.29"]

1. d4 Nf6 2. c4 e5 3. dxe5 Ng4 4. Nf3 Bc5 5. e3 Nc6 6. Nc3 O-O 7. Be2 Re8 8. O-O
Ncxe5 9. Nxe5 Nxe5 10. b3 a5 11. Bb2 Ra6 12. Ne4 Bf8 13. f4 Ng6 14. Bd3 d6 15.
Ng5 Rxe3 16. Qh5 h6 17. Nxf7 Qh4 18. Nxh6+ Kh8 1-0

[Event "Mondiale Lampo FIDE 2017"]
[Site "Riyadh"]
[Date "30.12.2017"]
[Round "19.51"]
[White "Sethuraman, S.P."]
[Black "Jumabayev, Rinat"]
[Result "1-0"]
[WhiteTitle "GM"]
[BlackTitle "GM"]
[WhiteElo "2646"]
[BlackElo "2612"]
[WhiteFideId "5021596"]
[BlackFideId "13702661"]
[EventDate "2017.12.29"]

1. e4 c5 2. Nf3 d6 3. d4 cxd4 4. Nxd4 a6 5. Nc3 e6 6. Be3 b5 7. f3 Nf6 8. Qd2 b4
9. Na4 Nbd7 10. g4 Qa5 11. b3 Nc5 12. a3 Nxa4 13. axb4 Qc7 14. bxa4 Nd7 15. Be2
Ne5 16. f4 Nc4 17. Qc3 d5 18. exd5 Bxb4 19. Qxb4 Nxe3 20. d6 Qb7 21. Qxb7 Bxb7
22. Kf2 Bxh1 23. Kxe3 Bb7 24. Rb1 Ra7 25. c4 Kd7 26. c5 Bd5 27. Bf3 Rc8 28. Bxd5
exd5 29. Rc1 Raa8 30. Nf3 f6 31. Kd4 Kc6 32. Kd3 Rab8 33. Nd4+ Kd7 34. Re1 Re8
35. Rc1 Rb4 36. Nf5 Rc8 37. Ne7 Rb3+ 38. Kd4 Rcb8 39. Kxd5 Rd3+ 40. Ke4 Ra3 41.
Rc4 a5 42. Nd5 Kc6 43. Ne7+ Kd7 44. Nf5 Rb4 45. c6+ Ke6 46. Rxb4 axb4 1-0

[Event "Mondiale Lampo FIDE 2017"]
[Site "Riyadh"]
[Date "30.12.2017"]
[Round "19.52"]
[White "Sanal, Vahap"]
[Black "Sargissian, Gabriel"]
[Result "0-1"]
[WhiteTitle "GM"]
[BlackTitle "GM"]
[WhiteElo "2551"]
[BlackElo "2672"]
[WhiteFideId "6300545"]
[BlackFideId "13300881"]
[EventDate "2017.12.29"]

1. e4 e5 2. Nf3 Nc6 3. Bb5 a6 4. Ba4 d6 5. c3 Bd7 6. d4 Nf6 7. O-O Be7 8. Nbd2
O-O 9. Re1 Bg4 10. h3 Bh5 11. Bxc6 bxc6 12. g4 Bg6 13. dxe5 Nd7 14. Nc4 Nc5 15.
exd6 cxd6 16. Nd4 Rc8 17. Nf5 d5 18. Nxe7+ Qxe7 19. exd5 Qh4 20. Qf3 cxd5 21.
Nb6 Rcd8 22. Qg3 Qf6 23. Be3 Ne4 24. Qf4 Qh4 25. f3 Ng5 26. Qxg5 Qg3+ 27. Kh1
Qxh3+ 28. Kg1 Qg3+ 29. Kh1 Qxf3+ 30. Kh2 Be4 31. Rg1 Qe2+ 32. Kg3 f5 33. Bd4 f4+
34. Kh3 Bg6 35. Rae1 Qd3+ 36. Kh4 h6 37. Qe5 Rf7 38. Rd1 Qc2 0-1

[Event "Mondiale Lampo FIDE 2017"]
[Site "Riyadh"]
[Date "30.12.2017"]
[Round "19.53"]
[White "Kuzubov, Yuriy"]
[Black "Haddouche, Mohamed"]
[Result "1-0"]
[WhiteTitle "GM"]
[BlackTitle "GM"]
[WhiteElo "2699"]
[BlackElo "2505"]
[WhiteFideId "14112906"]
[BlackFideId "7900660"]
[EventDate "2017.12.29"]

1. e4 e5 2. Nf3 Nc6 3. Bb5 g6 4. O-O Bg7 5. c3 a6 6. Ba4 d6 7. d4 Bd7 8. Re1 Nf6
9. h3 O-O 10. Nbd2 Re8 11. Bc2 h6 12. Nf1 Nh5 13. Be3 Qf6 14. N1h2 Rad8 15. d5
Nb8 16. Ng4 Bxg4 17. hxg4 Nf4 18. g3 Nh3+ 19. Kg2 Ng5 20. Nxg5 hxg5 21. Qd2 Qe7
22. Bxg5 f6 23. Be3 Nd7 24. b4 Kf7 25. a4 Rh8 26. Rh1 Nf8 27. c4 Rxh1 28. Rxh1
Qd7 29. Qe2 g5 30. c5 Ng6 31. Bb3 Bf8 32. c6 Qc8 33. a5 Kg7 34. cxb7 Qxb7 35.
Bd2 c6 36. dxc6 Qxc6 37. Rc1 Qb7 38. Bd5 Qa7 39. Be3 1-0

[Event "Mondiale Lampo FIDE 2017"]
[Site "Riyadh"]
[Date "30.12.2017"]
[Round "19.54"]
[White "Salgado Lopez, Ivan"]
[Black "Saeed, Ishaq"]
[Result "0-1"]
[WhiteTitle "GM"]
[BlackTitle "FM"]
[WhiteElo "2644"]
[BlackElo "2434"]
[WhiteFideId "2257327"]
[BlackFideId "9301453"]
[EventDate "2017.12.29"]

1. Nf3 Nf6 2. b3 e6 3. Bb2 b6 4. g3 Bb7 5. Bg2 Be7 6. O-O O-O 7. c4 c5 8. Nc3 d6
9. d4 cxd4 10. Qxd4 a6 11. Rfd1 Nbd7 12. Rac1 Qc7 13. h3 Rfe8 14. Ba3 Nc5 15.
Bb2 Rab8 16. Kh2 Bf8 17. e3 Ba8 18. b4 Ncd7 19. a3 Bc6 20. Nd5 Qb7 21. Nxf6+
Nxf6 22. Ne1 Bxg2 23. Nxg2 Qf3 24. Qf4 Qxf4 25. Nxf4 Ne4 26. f3 Ng5 27. Kg2 h6
28. e4 Nh7 29. Nd3 Rec8 30. e5 dxe5 31. Nxe5 Nf6 32. g4 Rb7 33. Rd3 Rbc7 34.
Rcd1 a5 35. b5 Rc5 36. Bd4 Rxe5 37. Bxe5 Rxc4 38. Rd8 Rc2+ 39. Kg3 Nd5 40. Bd6
Kh7 41. Rxf8 Ne3 42. Re1 Rg2+ 43. Kf4 Nd5+ 44. Ke4 Nc3+ 45. Kd3 Nxb5 46. Be7 Kg6
47. h4 h5 48. gxh5+ Kxh5 49. Rxf7 Rg3 50. Re5+ Kg6 51. Rf8 Nc7 52. Rg5+ Kh7 53.
Rxg3 0-1

[Event "Mondiale Lampo FIDE 2017"]
[Site "Riyadh"]
[Date "30.12.2017"]
[Round "19.55"]
[White "Ibrahimov, Rasul"]
[Black "Shytaj, Luca"]
[Result "1-0"]
[WhiteTitle "GM"]
[BlackTitle "IM"]
[WhiteElo "2518"]
[BlackElo "2459"]
[WhiteFideId "13400495"]
[BlackFideId "812633"]
[EventDate "2017.12.29"]

1. Nf3 b6 2. g3 Bb7 3. Bg2 c5 4. c4 g6 5. O-O Bg7 6. Nc3 Nf6 7. d4 cxd4 8. Qxd4
Nc6 9. Qf4 d6 10. Rd1 Qc8 11. b3 O-O 12. Bb2 h6 13. Rac1 Qg4 14. Qd2 Rfd8 15.
Nd5 Ne4 16. Qc2 Bxb2 17. Qxb2 Rac8 18. Nd4 Nxd4 19. Nxe7+ Kf8 20. Rxd4 Kxe7 21.
Bxe4 Bxe4 22. f3 Qf5 23. Rxe4+ Kd7 24. Rd1 Kc7 25. Rd5 Qd7 26. b4 Qc6 27. Qf6
Rd7 28. b5 Qb7 29. Rxd6 Rxd6 30. Re7+ Rd7 31. Rxd7+ 1-0

[Event "Mondiale Lampo FIDE 2017"]
[Site "Riyadh"]
[Date "30.12.2017"]
[Round "19.56"]
[White "Lam, Daniel King-wai"]
[Black "El Adnani, Mokliss"]
[Result "0-1"]
[WhiteTitle "FM"]
[BlackTitle "IM"]
[WhiteElo "2222"]
[BlackElo "2448"]
[WhiteFideId "6001238"]
[BlackFideId "9000410"]
[EventDate "2017.12.29"]

1. e4 c5 2. Nf3 d6 3. d4 cxd4 4. Nxd4 Nf6 5. Nc3 g6 6. Be3 Bg7 7. f3 Nc6 8. Bc4
Bd7 9. Qd2 Rc8 10. Bb3 h5 11. O-O-O Ne5 12. Kb1 a6 13. Rhe1 b5 14. Nd5 Nxd5 15.
Bxd5 a5 16. f4 Ng4 17. Bg1 e6 18. h3 Nh6 19. f5 exd5 20. fxg6 fxg6 21. exd5+ Kf7
22. Ne6 Bxe6 23. dxe6+ Kg8 24. e7 Qe8 25. Qxd6 Kh7 26. Bb6 Rc6 27. Qd8 Rc8 28.
Qd6 Nf5 29. Qd7 Qf7 30. g4 Qf6 31. c3 Rxc3 32. gxf5 Rc1+ 0-1

[Event "Mondiale Lampo FIDE 2017"]
[Site "Riyadh"]
[Date "30.12.2017"]
[Round "19.57"]
[White "Tregubov, Pavel V."]
[Black "Al Ghamdi, Ahmed M"]
[Result "1-0"]
[WhiteTitle "GM"]
[BlackTitle "CM"]
[WhiteElo "2575"]
[BlackElo "2159"]
[WhiteFideId "4115341"]
[BlackFideId "21500150"]
[EventDate "2017.12.29"]

1. d4 Nf6 2. c4 d6 3. Nf3 g6 4. g3 Bg7 5. Bg2 O-O 6. O-O Nbd7 7. Nc3 e5 8. e4
exd4 9. Nxd4 Re8 10. Be3 a6 11. Rc1 Rb8 12. b3 Ne5 13. h3 Nc6 14. Kh2 Bd7 15.
Qd2 Nxd4 16. Bxd4 Bc6 17. Rfe1 h6 18. f4 h5 19. Nd5 Bxd5 20. cxd5 h4 21. g4 Rc8
22. Rcd1 c5 23. dxc6 bxc6 24. Qf2 c5 25. Ba1 c4 26. bxc4 Rxc4 27. e5 Nd7 28.
Rxd6 Qc7 29. Red1 Nf8 30. R6d4 Rc2 31. R4d2 Rc3 32. Bxc3 Qxc3 33. Rd8 Rxd8 34.
Rxd8 Qc7 35. Qd4 g5 36. Qd6 Qc3 37. Qd3 Qc7 38. fxg5 Bxe5+ 39. Kh1 Qc1+ 40. Qf1
Qc7 41. Rd5 Ng6 42. Qf3 Qc1+ 43. Rd1 Qxg5 44. Qf5 Qf4 45. Qxf4 Nxf4 46. Rd8+ Kg7
47. Ra8 Ne2 48. Bf3 Nd4 49. Kg2 Nc2 50. Be4 Ne3+ 51. Kf3 Nc4 52. Rxa6 Nd2+ 53.
Ke3 Nf1+ 54. Kd3 Ng3 55. Bd5 1-0

[Event "Mondiale Lampo FIDE 2017"]
[Site "Riyadh"]
[Date "30.12.2017"]
[Round "19.58"]
[White "Malakhatko, Vadim"]
[Black "Bukannan, Ahmed A"]
[Result "0-1"]
[WhiteTitle "GM"]
[WhiteElo "2542"]
[BlackElo "1929"]
[WhiteFideId "14104202"]
[BlackFideId "21504164"]
[EventDate "2017.12.29"]

1. c4 Nf6 2. Nc3 e5 3. e3 Nc6 4. a3 a5 5. Qc2 Bc5 6. Nf3 d6 7. Be2 O-O 8. O-O
Re8 9. d3 Ba7 10. Rb1 Bg4 11. b4 axb4 12. axb4 Ne7 13. Bb2 Ng6 14. h3 Bd7 15.
Rfe1 Bc6 16. b5 Bd7 17. Nd2 Bb6 18. Bf1 Ba5 19. Nb3 Bxc3 20. Bxc3 Nh5 21. Nd2
Qg5 22. Nf3 Qf6 23. Nh2 Qd8 24. Ra1 Qe7 25. Qb2 Rxa1 26. Rxa1 Qg5 27. Nf3 Qf6
28. Nh2 Qg5 29. Kh1 Nh4 30. Qe2 f5 31. Nf3 Nxf3 32. Qxf3 e4 33. dxe4 fxe4 34.
Qd1 Rf8 35. Ra2 Qh4 36. Kg1 Qg5 37. Qd5+ Qxd5 38. cxd5 Nf6 39. Bc4 Kf7 40. Ra7
Rb8 41. Bd4 Ke7 42. g4 g6 43. Kg2 Be8 44. g5 Nd7 45. Kg3 Ne5 46. Bxe5 dxe5 47.
h4 Kd6 48. Ra1 Kc5 49. Rc1 Bxb5 50. Bb3+ Kd6 51. h5 Rf8 52. hxg6 hxg6 53. Rh1
Rf5 54. Rh8 Rxg5+ 55. Kh2 Rf5 56. Kg2 Rg5+ 57. Kh2 Rh5+ 58. Rxh5 gxh5 59. Kg3
Be8 60. Kh4 Bf7 61. Bc2 Bxd5 62. Kxh5 c5 63. Kg5 b5 64. Kf6 c4 0-1

[Event "Mondiale Lampo FIDE 2017"]
[Site "Riyadh"]
[Date "30.12.2017"]
[Round "19.59"]
[White "Tissir, Mohamed"]
[Black "Khader, Sami"]
[Result "1-0"]
[WhiteTitle "IM"]
[BlackTitle "IM"]
[WhiteElo "2381"]
[BlackElo "2392"]
[WhiteFideId "9000240"]
[BlackFideId "8100500"]
[EventDate "2017.12.29"]

1. e4 e6 2. d4 d5 3. Bd3 dxe4 4. Bxe4 Nf6 5. Bd3 c5 6. Nf3 Nc6 7. dxc5 Bxc5 8.
O-O h6 9. Qe2 O-O 10. c3 b6 11. Bf4 Bb7 12. Nbd2 Bd6 13. Bg3 Bxg3 14. hxg3 Qc7
15. Ne4 Qe7 16. Rad1 Rad8 17. Rfe1 Na5 18. Nxf6+ Qxf6 19. Ne5 g6 20. Ng4 Qg7 21.
Bb5 h5 22. Ne5 Rd5 23. Rxd5 Bxd5 24. c4 Ba8 25. Rd1 Bb7 26. b4 a6 27. Bd7 f6 28.
Bxe6+ Kh8 29. Rd7 Qh6 30. Nf7+ 1-0

[Event "Mondiale Lampo FIDE 2017"]
[Site "Riyadh"]
[Date "30.12.2017"]
[Round "19.60"]
[White "Lodhi, Mahmood"]
[Black "Abdyjapar, Asyl"]
[Result "1-0"]
[WhiteTitle "IM"]
[BlackTitle "IM"]
[WhiteElo "2347"]
[BlackElo "2382"]
[WhiteFideId "7800010"]
[BlackFideId "13800337"]
[EventDate "2017.12.29"]

1. d4 Nf6 2. Nf3 e6 3. g3 c5 4. Bg2 cxd4 5. O-O a6 6. Nxd4 Qc7 7. b3 d5 8. Bb2
Be7 9. Nd2 O-O 10. e3 e5 11. N4f3 Nc6 12. c4 Rd8 13. cxd5 Nxd5 14. Qe2 Bg4 15.
h3 Bh5 16. g4 Bg6 17. Nc4 f6 18. Nh4 Bf7 19. Nf5 Bf8 20. Rfd1 Rac8 21. Rac1 b5
22. Ncd6 Rxd6 23. Nxd6 Qxd6 24. Bxd5 Bxd5 25. e4 Nd4 26. Bxd4 Rxc1 27. Rxc1 Bxb3
28. Bc5 Bc4 29. Rxc4 1-0

[Event "Mondiale Lampo FIDE 2017"]
[Site "Riyadh"]
[Date "30.12.2017"]
[Round "19.61"]
[White "Minko, Vladimir"]
[Black "Al-Hajiri, Bader"]
[Result "1-0"]
[WhiteTitle "IM"]
[BlackTitle "FM"]
[WhiteElo "2381"]
[BlackElo "2165"]
[WhiteFideId "24146706"]
[BlackFideId "10300163"]
[EventDate "2017.12.29"]

1. d4 d5 2. c4 e6 3. Nf3 Nf6 4. g3 c6 5. Bg2 dxc4 6. O-O b5 7. a4 Bb7 8. b3 cxb3
9. Qxb3 a6 10. Nc3 Nbd7 11. e4 Be7 12. e5 Nd5 13. Nxd5 exd5 14. h4 O-O 15. Qd3
Nb6 16. Bg5 h6 17. Bxe7 Qxe7 18. axb5 cxb5 19. g4 Nc4 20. g5 h5 21. g6 fxg6 22.
Qxg6 Qf7 23. Qg5 Qf5 24. Qg3 Qg4 25. Ng5 Rf4 26. Qd3 Qf5 27. Qxf5 Rxf5 28. Ne6
Re8 29. Nc7 Rd8 30. Nxa6 Rf4 31. Nc5 Bc6 32. Ne6 Rdf8 33. Nxf4 Rxf4 34. Ra6 Be8
35. Bxd5+ Kh7 36. f3 Rxd4 37. Be4+ Kg8 38. Ra8 Kf7 39. Rfa1 Nxe5 40. Kf2 Bd7 41.
Ke3 Rb4 42. R1a7 Rb3+ 43. Kf4 Kf6 44. Rf8+ Ke7 45. Kxe5 Kxf8 46. Rxd7 b4 47. Ke6
Ke8 48. Bg6+ 1-0

[Event "Mondiale Lampo FIDE 2017"]
[Site "Riyadh"]
[Date "30.12.2017"]
[Round "19.62"]
[White "Al-Saffar, Araz Basim Mohammed S"]
[Black "Al Jabri, Mohammed Ali"]
[Result "1-0"]
[WhiteTitle "IM"]
[WhiteElo "2368"]
[BlackElo "2154"]
[WhiteFideId "4801040"]
[BlackFideId "7604734"]
[EventDate "2017.12.29"]

1. d4 d5 2. c4 Bf5 3. Nc3 e6 4. e3 c6 5. Nf3 Nf6 6. Be2 h6 7. O-O Bd6 8. b3 O-O
9. Bb2 Nbd7 10. Rc1 Re8 11. h3 Rc8 12. Qd2 Qe7 13. Rfd1 Rcd8 14. Bd3 Bxd3 15.
Qxd3 Bb8 16. cxd5 exd5 17. Nd2 Qd6 18. Nf1 Ne4 19. Nxe4 Rxe4 20. Bc3 Rde8 21.
Be1 Nf6 22. b4 R4e6 23. b5 Ne4 24. bxc6 bxc6 25. Rc2 Rg6 26. f4 Qd7 27. Kh1 Nd6
28. Bf2 Rge6 29. Rc3 Nc4 30. Rdc1 Qd6 31. Re1 Qd7 32. Nd2 Nd6 33. Qc2 Ne4 34.
Nxe4 dxe4 35. Rc1 Rc8 36. Qb3 Rd6 37. Be1 Bc7 38. Rc5 Bb6 39. Re5 Re6 40. Rxe6
fxe6 41. Bb4 Kf7 42. Bc5 Rb8 43. Qc2 Qd5 44. Rb1 Kg8 45. a4 Bc7 46. Bxa7 1-0

[Event "Mondiale Lampo FIDE 2017"]
[Site "Riyadh"]
[Date "30.12.2017"]
[Round "19.63"]
[White "Alanazy, Mohammed"]
[Black "Farhan, Marwan Ali"]
[Result "0-1"]
[WhiteElo "1850"]
[BlackElo "1975"]
[WhiteFideId "21508488"]
[BlackFideId "9401652"]
[EventDate "2017.12.29"]

1. e4 c5 2. Nf3 e6 3. d4 cxd4 4. Nxd4 Nc6 5. Bb5 Nf6 6. Bxc6 bxc6 7. Nc3 Bb4 8.
f3 Ba6 9. Bd2 O-O 10. Nce2 Bc5 11. c3 h6 12. Qa4 Bd3 13. Nf4 Bb5 14. Nxb5 cxb5
15. Qxb5 Bb6 16. Qd3 Qc7 17. Ne2 Rfd8 18. Be3 d5 19. Bxb6 Qxb6 20. exd5 Qxb2 21.
Rb1 Qxa2 22. d6 Nd5 23. c4 Qa5+ 24. Kf2 Nf6 25. Rhc1 Qc5+ 26. Qd4 Qxd6 27. Qxd6
Rxd6 28. c5 Rd2 29. c6 Nd5 30. c7 Nxc7 31. Rxc7 a5 32. Ra1 a4 33. Ke3 Rb2 34.
Rc3 Ra5 35. f4 g5 36. g3 Kg7 37. Rca3 Rb4 38. Nc3 gxf4+ 39. gxf4 Rh5 40. R1a2
Rh3+ 41. Kd2 Rxh2+ 42. Ne2 Rxf4 43. Ke3 Rfh4 44. Rxa4 R4h3+ 45. Kf4 Rh4+ 46. Kf3
R4h3+ 47. Ng3 h5 48. Rf4 Kg6 49. Ra7 f5 50. Ra6 Kf6 51. Rc4 h4 52. Rcc6 Rxg3+
53. Kf4 Rf2# 0-1